000 01038nam2a22002411 4500
001 rc\4809401
005 20250612190044.0
035 _a(NLR Aleph) 008795467
090 _a8068420
_c8068420
100 _a20130426d1968 |||y0rusy50 ca
101 0 _arus
102 _aRU
105 _aa z |||||
200 0 _aЧ. 1
210 _d1968
_aБ. м.
215 _a548 с.
_cил.
320 _aБиблиогр.: с. 534-538
461 0 _1001rc\4809400
_12001#$aОсновы теории связи и передачи данных$eЧ. 1-$fЛенингр. воен. инж. Краснознам. акад. им. А.Ф. Можайского$vЧ. 1
_1700#1$aБуга$bН.Н.
_98068416
_aБуга, Н.Н.
_cЛенинград
_d1968
_fЛенингр. воен. инж. Краснознам. акад. им. А.Ф. Можайского
_nБ. и.
_oЧ. 1-
_tОсновы теории связи и передачи данных
_vЧ. 1
801 0 _aRU
_bNLR
_gpsbo
801 1 _aRU
_bELAR
_2rusmarc
852 _aNLR
_j50К/18127
942 _cBOOK
980 _aNB